O. Hood Philips constitutional and administrative law (Record no. 362)

MARC details
000 -LEADER
fixed length control field 00504nam a2200169Ia 4500
008 - FIXED-LENGTH DATA ELEMENTS--GENERAL INFORMATION
fixed length control field 240428s9999||||xx |||||||||||||| ||und||
020 ## - INTERNATIONAL STANDARD BOOK NUMBER
International Standard Book Number 0421574801
041 ## - LANGUAGE CODE
Language code of text/sound track or separate title eng
082 ## - DEWEY DECIMAL CLASSIFICATION NUMBER
Classification number 344.102 P
100 ## - MAIN ENTRY--PERSONAL NAME
Personal name Philips, Owen Hood - Jackson, Paul
245 #0 - TITLE STATEMENT
Title O. Hood Philips constitutional and administrative law
260 ## - PUBLICATION, DISTRIBUTION, ETC.
Name of publisher, distributor, etc. Sweet and Maxwell
Place of publication, distribution, etc. London
Date of publication, distribution, etc. 1978
300 ## - PHYSICAL DESCRIPTION
Extent lxxvi, 809p.
650 ## - SUBJECT ADDED ENTRY--TOPICAL TERM
Topical term or geographic name entry element great Britain -- constitutional law - Administrative law--- Great Britain
942 ## - ADDED ENTRY ELEMENTS (KOHA)
Koha item type Occasional Papers
Holdings
Withdrawn status Lost status Damaged status Not for loan Home library Current library Shelving location Date acquired Total checkouts Full call number Date last seen Copy number Price effective from Koha item type
        Main Library Main Library Open Shelves 05/10/2021   344.102 P 895 C. 1 29/04/2024 1 29/04/2024 Occasional Papers
©2026  Parliament of Ghana Library - All rights reserved